000 00505nam a2200169Ia 4500
005 20250923145316.0
008 008 250917s9999 xx 000 0 eng d
037 _aTextual
040 _aDSWL
_beng
_cDSWL
041 _aeng
_2eng
084 _aYx, N72;1
_qDSWL
245 0 _aSeeing ourselves : Introductory readings in sociology
_cEd. by Peter I. Rose
260 _aNew York
_b Alfred A. Knopf
_c1972
300 _axii,385 p.
942 _cTEXL
_hYx, N72;1
999 _c1449789
_d1449789